000 00892nas a2200289 4500
001 BR2014001902
003 BR-BrBNA
005 20231205123833.0
007 ta
008 230509b bl.|||p| |||| 00| 00por d
040 _aBR-BrBNA
_bpor
_cBiblioteca Nacional de Agricultura
041 _a(Pt)
072 _aH10
100 1 _aJulião, G.R.
100 1 _aFernandes, G.W.
100 1 _aNegreiros, D.
100 1 _aBedê, L.
100 1 _aAraújo, R.C.
245 1 _aInsetos galhadores associados a duas espécies de plantas invasoras de áreas urbanas e peri-urbanas
650 _aINSETO
650 _aPLANTA HOSPEDEIRA
650 _aMEIO AMBIENTE
650 _aCOBERTURA VEGETAL
773 0 _tRevista Brasileira de Entomologia (Brazil)
_xISSN 0085-5626
_g(Jan-Mar 2005), v. 49(1) p. 97-106
_wBR2014001902
909 _a202311
_bLúcia
_c55
_dLúcia Elande
942 _2AGRIS
_n0
_cANA
999 _c235960
_d235960